00828nam a22001697a 450000500170000000800410001705000230005824501490008125000120023026001690024230000230041165000370043465000560047165000390052770000490056670000430061520250709111738.0250704b mx |||||||| |||| 00| 0 spa d04aKGF3015 bE96 202400aEvolución y perspectiva del sistema nacional de transparencia a 9 años de su creación c / Cynthia Patricia Cantero Pacheco ... [et. al.]. a1a ed.  aMéxico : bInstituto Nacional de Transparencia, Acceso a la Información y Proteccion de Datos Personales ( INAI ) : bSistema Nacional de Transparencia , c2024 a138 p. ; c22 cm.  72lembaLibertad de información  72lembaTransparencia en el gobierno xLegislación  4aAcceso a la informacion pública 1 aCantero Pacheco, Cynthia Patricia, eautor 1 aHernández Godinez, Alfonso, eautor